Rival hypotheses : (Record no. 5849)
[ view plain ]
| 000 -LEADER | |
|---|---|
| fixed length control field | 00650pam a2200181 i 4500 |
| 020 ## - INTERNATIONAL STANDARD BOOK NUMBER | |
| ISBN | 0060429755 |
| 050 00 - CALL NUMBER | |
| Classification number | H61 |
| Item number | .H87 |
| 100 1# - AUTHOR | |
| Personal name | Huck, Schuyler W. |
| 245 10 - TITLE | |
| Title | Rival hypotheses : |
| Remainder of title | alternative interpretations of data based conclusions / |
| Statement of responsibility, etc | Schuyler W. Huck, Howard M. Sandler. |
| 260 ## - PUBLICATION INFORMATION | |
| Place of publication | New York : |
| Name of publisher | Harper & Row, |
| Year of publication | c1979. |
| 300 ## - DESCRIPTION | |
| Number of Pages | xxi, 245 p. ; |
| Dimensions | 24 cm. |
| 500 ## - NOTES | |
| General note | Includes index. |
| 505 ## - FORMATTED CONTENTS NOTE | |
| Table of Content | Advertising <br/>Alcohol and drug abuse |
| 650 #0 - SUBJECTS | |
| Topical Term | Social sciences |
| General subdivision | Statistical methods |
| -- | Problems, exercises, etc. |
| 650 #0 - SUBJECTS | |
| Topical Term | Social sciences |
| General subdivision | Methodology |
| -- | Problems, exercises, etc. |
| 700 1# - OTHER AUTHORS | |
| Personal name | Sandler, Howard M., |
| 942 ## - ADDED ENTRY ELEMENTS (KOHA) | |
| Koha item type | Books |
| Withdrawn status | Lost status | Collection code | Home library | Current library | Shelving location | Date acquired | Full call number | Accession Number | Koha item type |
|---|---|---|---|---|---|---|---|---|---|
| Reference | Methodist University Library Main | Methodist University Library Main | General Stacks | H61 .H87 | 15487 | Books |